| 000 | 00380cam a2200169ua 4500 | ||
|---|---|---|---|
| 020 | _c3.00 | ||
| 041 |
_amal _h |
||
| 082 |
_a894.812308 _bVIV/HI |
||
| 100 | _aVivekanadan, G . | ||
| 245 | _aHima manushyan Part-I | ||
| 260 |
_aKonni : _bVenus Press & Book Depot, , _c1961. |
||
| 300 | _a222 ; . | ||
| 365 | _a3.00 | ||
| 504 | _a | ||
| 942 | _cBK | ||
| 999 |
_c4330 _d4330 |
||